Представление документа в формате MARC21

Поле Инд. ПП Название Значение
Тип записи a
Библиографический уровень i
001 Контрольный номер UNIDUBNA63c28b708cae4362abae2e4b741111c1
005 Дата корректировки 20260421203510.0
041 0_ a Код языка текста eng
090 a Полочн. индекс Внешний ресурс
245 10 a Заглавие zbMATH Open
c Ответственность European Mathematical Society (EMS), FIZ Karlsruhe, the Heidelberg Academy of Sciences and Humanities
b Продолж. заглавия The First Resource for Mathematics
b Продолж. заглавия [database]
247 a Прежнее заглавие Zentralblatt MATH
257 a Страна производителя архивных фильмов зарубежный
260 b Издательство FIZ Karlsruhe
c Дата издания 1996 -
a Место издания Berlin, Germany
336 a Термин вида содержания Электронные данные
353 a книги; статьи; программные средства; препринты; материалы конференций; главы книг
380 a информационно-поисковая система
380 a реферативно-библиографическая БД
520 0_ a Аннотация zbMATH Open - необычная поисковая система, это самая полная и старейшая в мире (охват базы данных начинается с 1826 г.) служба реферирования и рецензирования научных работ по чистой и прикладной математике. С января 2021 года в открытом доступе. Её функциональность и алгоритмы строго ориентированы на математику и её приложения, что обеспечивает высокую точность, достоверность и целостность при поиске математического контента. Содержит около 5 млн библиографических записей с аннотациями из всех областей математики, а также приложений, в частности, в естественных науках, информатике, экономике и инженерии, и ежедневно пополняется. Включает только научно значимый, рецензируемый контент: статья или книга считаются релевантными для zbMATH Open, если они вносят вклад в математическую теорию, рассматривают математические проблемы или применяют передовые математические методы. В оценке принимают участие более 8 тыс экспертов-рецензентов со всего мира. С 2024 года интегрирует математически значимые части архива препринтов arXiv. Для документов, доступных в интернете, предоставлены ссылки на полные тексты, часть текстов хранится в самой БД (всего ок. 4,3 млн ссылок на тексты). Все записи классифицированы в соответствии Mathematics Subject Classification Scheme (MSC 2020), с помощью которой также можно проводить поиск
540 b Поставщик/Провайдер FIZ Karlsruhe
a Правовые условия Бесплатный доступ
650 04 a Основная рубрика геофизика
a Основная рубрика информатика
a Основная рубрика математика
a Основная рубрика механика
a Основная рубрика науки о Земле
a Основная рубрика физика
a Основная рубрика химия
856 40 a Имя сервера/домена zbMATH Open
u URL https://zbmath.org/
856 40 a Имя сервера/домена zbMATH Open. Mathematics Subject Classification (MSC2020)
u URL https://zbmath.org/classification/
900 a Имя электронного ресурса obl_zbMathOpen
901 t Тип документа 0